000 00545nam a2200181Ia 4500
003 GCL
008 140319s9999 xx 000 0 ara d
040 _aGCL /
_cGCL
082 0 4 _a331.2592
_bا ت
100 1 _aاتحاد العمال العرب
245 1 0 _aالتدريب المهنى /
_cاتحاد العمال العرب
300 _a46 ص
490 _aالمكتبة العمالية
_v0
650 0 4 _aالعالم العربى
650 0 4 _aالتدريب المهنى
650 0 4 _aالتوجية المهنى
942 _2ddc
_cBK
999 _c42623
_d42623